|
|
|
|
| LEADER |
00000nam a22000007a 4500 |
| 005 |
20130809193813.0 |
| 007 |
cr|||| |||| |
| 008 |
130809s2012 mx |||||s|||| 00||0 spa d |
| 020 |
|
|
|a 978-607-402-555-2
|
| 035 |
|
|
|a 11467
|
| 040 |
|
|
|a vLex
|
| 090 |
|
|
|c 4482
|d 4482
|
| 100 |
1 |
|
|a Sevilla Godn̕ez, Hčtor
|
| 245 |
1 |
0 |
|a Contemplar la nada
|h [Recurso electrn̤ico] :
|b Un camino alterno hacia la comprensin̤ del Ser /
|c Hčtor Sevilla Godn̕ez
|
| 256 |
|
|
|a Servicio en ln̕ea
|
| 260 |
|
|
|a Mx̌ico D.F.:
|b Plaza Valdš Editores,
|c 2012
|
| 300 |
|
|
|a 1 recurso electrn̤ico
|
| 506 |
1 |
|
|a Contenido solo disponible en los productos indicados
|d vLex Global
|d vLex Global (Academic Edition, excluding Law Schools)
|d vLex Global (U.S. Academic Edition, Law Schools)
|d vLex Global (U.S. Academic Edition, excluding Law Schools)
|d vLex Global (Academic Edition, Law Schools)
|
| 650 |
0 |
4 |
|a Filosofa̕ y religin̤
|z Mx̌ico
|
| 740 |
0 |
|
|a vLex Libros (Servicio en ln̕ea)
|
| 856 |
4 |
0 |
|u http://vlex.com/source/contemplar-nada-camino-alterno-hacia-comprension-ser-11467
|z Acceso restringido
|
| 942 |
|
|
|c BOOK
|
| 999 |
0 |
|
|a Philosophy
|